000 00252nam a22001217a 4500
008 180922b xxu||||| |||| 00| 0 eng d
041 _aeng
080 _a701
100 _a45
101 _aART
245 _aHagia Sophia
_cKinross, L
942 _2udc
_cBK
999 _c48251
_d48251